| 000 | 00666nam a2200205Ia 4500 | ||
|---|---|---|---|
| 003 | IN-BaIIA | ||
| 008 | 211028s9999 xx 000 0 eng d | ||
| 020 | _a978-3-540-44160-1 | ||
| 040 | _cIIA Library | ||
| 080 |
_a530.145 _bGUS |
||
| 100 |
_aGustafson, Stephen J. _928783 |
||
| 245 | 0 |
_aMathematical concepts of quantum mechanics _cStephen J. Gustafson and Israel Michael Sigal |
|
| 260 |
_aNew York _bSpringer-Verlag _c2003 |
||
| 300 | _ax, 249p. | ||
| 650 |
_aQuantum electrodynamics _92630 |
||
| 650 | _aQuantum mechanics | ||
| 650 |
_aSpectral theory _928784 |
||
| 700 |
_aSigal, Israel Michael _928785 |
||
| 942 | _cBK | ||
| 999 |
_c15615 _d15615 |
||